Analýza trendov e-marketingovej stratégie diplomová práca

Enregistré dans:
Détails bibliographiques
Auteur principal: Geršičová, Ľubica
Collectivité auteur: Obchodná fakulta EU. Katedra informatiky obchodných firiem
Autres auteurs: Hasan, Jamal
Format: Livre
Langue:slovaque
Publié: Bratislava 2013
Tags: Ajouter un tag
Pas de tags, Soyez le premier à ajouter un tag!

MARC

LEADER 00000nbm a2200000 4500
001 0169702
005 20161109102321.1
041 0 |a slo 
044 |a SK 
245 1 0 |a Analýza trendov e-marketingovej stratégie  |b diplomová práca  |c Ľubica Geršičová ; školiteľ: Jamal Hasan 
264 1 |a Bratislava  |c 2013 
300 |a 71 s. 
100 1 |a Geršičová, Ľubica 
700 1 |a Hasan, Jamal 
710 2 |a Obchodná fakulta EU. Katedra informatiky obchodných firiem